书目信息 |
| 题名: |
假时间聚会
|
|
| 作者: | 李宏伟, 著 | |
| 分册: | ||
| 出版信息: | 北京 作家出版社 2015.10 |
|
| 页数: | 313页 | |
| 开本: | 21cm | |
| 丛书名: | ||
| 单 册: | ||
| 中图分类: | I247.57 | |
| 科图分类: | ||
| 主题词: | 中篇小说--zhong pian xiao shuo--小说集--中国--当代 | |
| 电子资源: | ||
| ISBN: | 978-7-5063-8207-6 | |
| 000 | 01113nam0 2200241 450 | |
| 001 | 0100004322 | |
| 005 | 20160130142450.9 | |
| 010 | @a978-7-5063-8207-6@dCNY36.00 | |
| 100 | @a20151015d2015 em y0chiy0121 ea | |
| 101 | 0 | @achi |
| 102 | @aCN@b110000 | |
| 105 | @ay z 000ay | |
| 106 | @ar | |
| 200 | 1 | @a假时间聚会@Ajia shi jian ju hui@f李宏伟著 |
| 210 | @a北京@c作家出版社@d2015.10 | |
| 215 | @a313页@d21cm | |
| 314 | @a李宏伟, 1978年生于四川江油, 现居北京。毕业于中国人民大学, 哲学硕士。 | |
| 330 | @a本书是中篇小说集, 包括《哈瓦那超级市场》《假时间聚会》《并蒂爱情》《僧侣集市》《来自月球的黏稠雨液》五篇小说, 分别发表于《人民文学》《大家》《西部文学》《西部》杂志。有侦探, 有爱情, 有怀旧, 有科幻, 有现实的切割, 也有未来的假想。在五个以结构带动叙事, “怎么看”与“看什么”同等重要的小说中, 作者对当代社会的观察与思考清晰可见。而作者对小说价值与技艺的追求, 也映现了青年一代写作者的雄心与承担。 | |
| 606 | 0 | @a中篇小说@Azhong pian xiao shuo@x小说集@y中国@z当代 |
| 690 | @aI247.57@v5 | |
| 701 | 0 | @a李宏伟,@Ali hong wei@f1978-@4著 |
| 801 | 0 | @aCN@c20160515 |
| 905 | @a河南城建学院图书馆@dI247.57@eL177 | |
| 假时间聚会/李宏伟著.-北京:作家出版社,2015.10 |
| 313页;21cm |
| ISBN 978-7-5063-8207-6:CNY36.00 |
| 本书是中篇小说集, 包括《哈瓦那超级市场》《假时间聚会》《并蒂爱情》《僧侣集市》《来自月球的黏稠雨液》五篇小说, 分别发表于《人民文学》《大家》《西部文学》《西部》杂志。有侦探, 有爱情, 有怀旧, 有科幻, 有现实的切割, 也有未来的假想。在五个以结构带动叙事, “怎么看”与“看什么”同等重要的小说中, 作者对当代社会的观察与思考清晰可见。而作者对小说价值与技艺的追求, 也映现了青年一代写作者的雄心与承担。 |
| ● |
| 相关链接 |
|
|
|
正题名:假时间聚会
索取号:I247.57/L177
 
预约/预借
| 序号 | 登录号 | 条形码 | 馆藏地/架位号 | 状态 | 备注 |
| 1 | 1252394 | 212523946 | 文学库108/108文学库 49排2列2层/ [索取号:I247.57/L177] | 在馆 | |
| 2 | 1252395 | 212523955 | 文学库108/108文学库 49排2列2层/ [索取号:I247.57/L177] | 在馆 | |
| 3 | 1252396 | 212523964 | 文学库108/108文学库 49排2列2层/ [索取号:I247.57/L177] | 在馆 |